[Event "HCL-B3883"]
[Site "www.playchess.de"]
[Date "2006.03.14"]
[Round "5"]
[White "nico21"]
[Black "pirracas"]
[WhiteElo "1512"]
[BlackElo "1539"]
[PlyCount "127"]
[Result "1-0"]

1.d4 d5 2.Nf3 Bg4 3.e3 e6 4.c4 c6 5.cxd5 exd5 
6.Be2 Nf6 7.Nc3 Bd6 8.h3 Bh5 9.Qc2 O-O 10.O-O Re8 
11.a3 Nbd7 12.Re1 Bg6 13.Bd3 Bxd3 14.Qxd3 h6 15.b4 
a5 16.Rb1 axb4 17.axb4 Ne4 18.Qc2 Ndf6 19.b5 Qe7 
20.bxc6 bxc6 21.Nxe4 Qxe4 22.Qxe4 Nxe4 23.Nd2 Nc3 
24.Rb3 Nb5 25.Nf3 Ra7 26.Bd2 Rea8 27.Rbb1 f6 
28.Bb4 R7a2 29.Bxd6 Nxd6 30.Rec1 R8a6 31.Rc5 Ne4 
32.Rb8+ Kh7 33.Rc1 Rxf2 34.Rc8 Raa2 35.Ne1 Rfe2 
36.R8xc6 Rxe3 37.R6c7 Rae2 38.Nf3 Nd2 39.Nxd2 Rxd2 
40.Rf1 Rxd4 41.Rxf6 Re2 42.Rff7 Rdd2 43.Rfxg7+ Kh8 
44.Rg6 d4 45.Rxh6+ Kg8 46.Rg6+ Kf8 47.Rg4 d3 
48.Rg3 Rd1+ 49.Kh2 Ree1 50.Rf3+ Ke8 51.Rc3 d2 
52.Rcd3 Re2 53.Rde3+ Rxe3 54.Rxe3+ Kf7 55.Rd3 Kf6 
56.h4 Kf5 57.h5 Kg5 58.Rd5+ Kh6 59.g4 Kg7 60.g5 
Kh7 61.Rd7+ Kh8 62.h6 Kg8 63.g6 Rf1 
64.h7+ 1-0

[Event "HCL-A2610"]
[Site "www.playchess.de"]
[Date "2006.03.14"]
[Round "2"]
[White "lunchpail"]
[Black "bossjos"]
[WhiteElo "1433"]
[BlackElo "1264"]
[PlyCount "52"]
[Result "0-1"]

1.f4 {hello again. good luck.}  f5 {the same to 
you :)}  2.b3 Nf6 3.Bb2 g6 4.e3 Bg7 5.Nf3 d6 6.Bc4 
e6 7.O-O O-O 8.Ng5 d5 9.Be2 h6 10.Nf3 Kh7 11.Bd3 
Nc6 12.Nc3 Ne4 13.Rb1 Nxc3 14.Bxc3 Bxc3 15.dxc3 
Qf6 16.Qe2 Qxc3 17.h4 Qf6 18.Qf2 Ne7 19.Ne5 c6 
20.g3 c5 21.Kg2 Nc6 22.Rfh1 Nxe5 23.fxe5 Qxe5 
24.Rbe1 c4 25.bxc4 dxc4 26.Bxc4 
Qe4+ 0-1

[Event "HCL-E1526"]
[Site "www.playchess.de"]
[Date "2006.03.15"]
[Round "6"]
[White "PieceSeeker3"]
[Black "BohdanL"]
[WhiteElo "1585"]
[BlackElo "1466"]
[PlyCount "124"]
[Result "0-1"]

1.d4 {Hello again}  g6 {hi}  2.e4 Bg7 3.Nf3 d6 
4.Nc3 Nf6 5.Bg5 O-O 6.Qd2 c5 7.e5 dxe5 8.dxe5 
Qxd2+ 9.Nxd2 Ng4 10.Bxe7 Re8 11.Bxc5 Rxe5+ 12.Nce4 
f5 13.f4 Re8 14.h3 fxe4 15.hxg4 Bxg4 16.Be2 Bxe2 
17.Kxe2 Nc6 18.c3 b6 19.Be3 b5 20.Rab1 a5 21.Bc5 
b4 22.cxb4 axb4 23.a3 bxa3 24.bxa3 Bd4 25.Nb3 Bxc5 
26.Nxc5 Rxa3 27.Rba1 Nd4+ 28.Kf2 e3+ 29.Kg3 Rxa1 
30.Rxa1 Nc2 31.Rc1 e2 32.Nd3 e1Q+ 33.Nxe1 Nxe1 
34.Ra1 Nd3 35.Ra3 Nc5 36.Rf3 Rf8 37.Kg4 Ne6 38.f5 
Rxf5 39.Rxf5 gxf5+ 40.Kxf5 Kf7 41.g4 {(offering 
draw)}  Nf8 {i do not think it is draw yet, and i 
would like to try to take revanche for lost games 
:-)}  42.Kg5 {Only chance is to retain your pawn 
(revenge)}  Kg7 {I think i have chance, although 
it very tricky here}  43.Kf5 {I know what you 
mean}  Kh6 {i played this position, and it looks 
like i can end it in my favour, hope i missed 
nothing}  44.Kf6 Ne6 45.Kf5 Ng5 46.Kf6 Nh3 47.Kf5 
Kg7 48.g5 Nf2 49.Kf4 Kg6 50.Kg3 Ne4+ {i think now 
it will be only time to win the game}  51.Kh4 
{Yes}  Nxg5 52.Kg4 h5+ 53.Kf4 Ne6+ 54.Kg3 Kg5 
55.Kh3 Nf4+ 56.Kg3 h4+ 57.Kf3 Ne6 58.Kg2 Kg4 
59.Kh2 Nf4 60.Kh1 Kg3 61.Kg1 h3 62.Kh1 
Nd3 0-1

[Event "HCL-E1529"]
[Site "www.playchess.de"]
[Date "2006.03.15"]
[Round "8"]
[White "kinghunter"]
[Black "PieceSeeker3"]
[WhiteElo "1803"]
[BlackElo "1596"]
[PlyCount "89"]
[Result "1-0"]

1.d4 d5 2.Nf3 Nf6 3.e3 e6 4.Bd3 g6 5.Nbd2 Bg7 
6.Ne5 O-O 7.O-O c5 8.c3 c4 9.Bc2 Qc7 10.f4 Nfd7 
11.e4 Nf6 12.Qf3 dxe4 13.Nxe4 Nxe4 14.Qxe4 f5 
15.Qe2 b5 16.a4 Nc6 17.axb5 Nxe5 18.fxe5 Bb7 
19.Bd2 Bd5 20.Ra2 Qb7 21.Rfa1 Rfb8 22.Bc1 Qxb5 
23.R2xa7 Rxa7 24.Rxa7 Ra8 25.Rxa8+ Bxa8 26.b4 Bc6 
27.Bd1 Qd5 28.Qf3 Qxe5 29.dxe5 Bxf3 30.Bxf3 Bxe5 
31.Bd2 Kg7 32.Be2 Bc7 33.Bxc4 Kf6 34.Be2 g5 35.c4 
e5 36.c5 g4 37.b5 Ke6 38.b6 Bd8 39.Bc4+ Kd7 40.Bd5 
f4 41.Ba5 h5 42.c6+ Kd6 43.c7 Kd7 44.cxd8Q+ Kxd8 
45.b7+ 1-0

[Event "HCL-M817"]
[Site "www.playchess.de"]
[Date "2006.03.15"]
[Round "31"]
[White "BDG_Girl"]
[Black "Rommel"]
[WhiteElo "2031"]
[BlackElo "2014"]
[PlyCount "117"]
[Result "1-0"]

1.d4 {Hello again and good luck!}  Nf6 {hi again!  
Good game}  2.Nc3 d5 3.e4 Nxe4 4.Nxe4 dxe4 5.Bc4 
Bf5 6.Ne2 e6 7.Ng3 Bg6 8.d5 e5 9.h4 h6 10.h5 Bh7 
11.Qg4 Qd7 12.Qe2 f5 13.f3 Bd6 14.fxe4 f4 15.Nf5 
Bxf5 16.exf5 Qxf5 17.Bd3 Qg5 18.Bg6+ Kd8 19.Bd2 
Qg3+ 20.Kd1 Nd7 21.Rh3 Qg5 22.Be1 Qe7 23.Bh4 Nf6 
24.Rb3 b6 25.a4 a6 26.a5 b5 27.Kc1 Qd7 28.g4 Qe7 
29.Be4 Qf7 30.Bf5 Re8 31.Bg6 Qe7 32.c4 b4 33.Bxe8 
Kxe8 34.Kc2 Kf8 35.g5 Nh7 36.g6 Nf6 37.Re1 Re8 
38.Bxf6 Qxf6 39.Qe4 Kg8 40.Rf3 Rf8 41.c5 Bxc5 
42.Qxe5 Bd6 43.Qe6+ Kh8 44.Qxf6 gxf6 45.Kb3 Kg7 
46.Rd3 Rb8 47.Rd2 Rb5 48.Re8 Rxa5 49.Rd8 f3 
50.Rd7+ Kg8 51.Rf7 Be5 52.Rh7 Rb5 53.Rd1 Bf4 
54.Kc4 b3 55.Rf1 Be5 56.Rxf3 Bxb2 57.Rxb3 Rxb3 
58.Kxb3 Be5 59.Rxh6 1-0

[Event "HCL-A2610"]
[Site "www.playchess.de"]
[Date "2006.03.15"]
[Round "1"]
[White "bossjos"]
[Black "KingGeorge"]
[WhiteElo "1264"]
[BlackElo "1586"]
[PlyCount "37"]
[Result "1-0"]

1.e4 e6 2.d4 d5 3.exd5 exd5 4.Bd3 Bd6 5.Ne2 Qh4 
6.Nbc3 Ne7 7.g3 Qh3 8.Nf4 Bxf4 9.Bxf4 Bg4 10.Qd2 
Bf3 11.Rf1 Nbc6 12.Qe3 Bg2 13.Rg1 O-O-O 14.O-O-O 
Rhe8 15.Qd2 Nxd4 16.Rxg2 Nf3 17.Qe3 Qxg2 18.Qxa7 
Rd6 19.Bxd6 1-0

[Event "ACL-B032"]
[Site "www.playchess.de"]
[Date "2006.03.15"]
[Round "34"]
[White "MrM"]
[Black "Peter_Richard"]
[WhiteElo "1400"]
[BlackElo "1747"]
[PlyCount "57"]
[Result "1-0"]

1.e4 c6 2.d4 d5 3.Nc3 dxe4 4.Nxe4 Bf5 5.Ng3 Bg6 
6.Nf3 e6 7.Bd3 Bxd3 8.Qxd3 Nd7 9.O-O Qc7 10.Re1 
O-O-O 11.Ng5 Ndf6 12.Bf4 Qd7 13.c4 h6 14.Nf3 Ng4 
15.Qe2 Bb4 16.Red1 g5 17.Ne5 Nxe5 18.dxe5 Qc7 
19.Be3 Be7 20.Rxd8+ Bxd8 21.Rd1 Ne7 22.Ne4 Kb8 
23.Nc5 Kc8 24.Rd7 Qxe5 25.Qd2 Bc7 26.Rxe7 Qxh2+ 
27.Kf1 Qd6 28.Qxd6 Bxd6 29.Rxf7 1-0

[Event "HCL-B3853"]
[Site "www.playchess.de"]
[Date "2006.03.15"]
[Round "3"]
[White "evets"]
[Black "JRockne"]
[WhiteElo "1367"]
[BlackElo "1097"]
[PlyCount "61"]
[Result "1-0"]

1.d4 d5 2.Nd2 Nc6 3.Ngf3 Nf6 4.e3 Bg4 5.c3 Bf5 
6.Bb5 Bd7 7.Qb3 Rb8 8.O-O a6 9.Bxc6 Bxc6 10.Ne5 e6 
11.c4 Bd6 12.Ndf3 h6 13.c5 Bxe5 14.Nxe5 O-O 
15.Nxc6 bxc6 16.Qa4 Ra8 17.Qxc6 Ne4 18.f3 Nf6 
19.Bd2 a5 20.Rac1 Qd7 21.Qxd7 Nxd7 22.h4 c6 23.e4 
Rfe8 24.Bf4 Nf6 25.exd5 exd5 26.Rce1 Nh5 27.Bd6 a4 
28.Re5 Rxe5 29.Bxe5 Rb8 30.Bxb8 {Fatal mistake!}  
Nf6 {supid move and fatal move.}  
31.g4 1-0

[Event "HCL-A2624"]
[Site "www.playchess.de"]
[Date "2006.03.15"]
[Round "10"]
[White "bob19"]
[Black "cocohubert"]
[WhiteElo "1480"]
[BlackElo "1366"]
[PlyCount "59"]
[Result "1/2-1/2"]

1.d4 Nf6 2.c4 d6 3.Nc3 g6 4.e4 Bg7 5.f4 O-O 6.Nf3 
Bg4 7.Be2 Nfd7 8.Be3 c6 9.h3 Bxf3 10.Bxf3 e6 11.g4 
Nb6 12.b3 N8d7 13.Rc1 d5 14.c5 Nc8 15.e5 Ne7 16.h4 
h6 17.Ne2 Qa5+ 18.Qd2 Qxd2+ 19.Kxd2 Rac8 20.Ng3 f5 
21.g5 hxg5 22.hxg5 Kf7 23.Rh2 Rfh8 24.Rch1 Rxh2+ 
25.Rxh2 Rh8 26.Rxh8 Bxh8 {come on, come on}  27.b4 
a6 28.a3 Ke8 29.a4 Kd8 30.a5 {(offering draw)} 
 1/2-1/2

[Event "HCL-B3839"]
[Site "www.playchess.de"]
[Date "2006.03.15"]
[Round "8"]
[White "Marvinni"]
[Black "arsenio"]
[WhiteElo "1798"]
[BlackElo "1117"]
[PlyCount "75"]
[Result "1-0"]

1.f4 {Hello from Northern Ireland}  e6 2.Nf3 d5 
3.b3 c5 4.Bb2 Nf6 5.e3 Be7 6.Be2 O-O 7.O-O Nc6 
8.d3 Ng4 9.e4 Ne3 10.Qd2 Nxf1 11.Bxf1 Bd7 12.e5 
Qc7 13.Nc3 f6 14.Re1 fxe5 15.fxe5 Be8 16.Ne2 d4 
17.Ng3 Bd8 18.Ng5 Bxg5 19.Qxg5 Bg6 20.Ne4 Nxe5 
21.Nxc5 Qxc5 22.Qxe5 Qxe5 23.Rxe5 Rac8 24.Bxd4 
Rxc2 25.Rxe6 Rxa2 26.Bc5 Ra1 27.Bxf8 Kxf8 28.Kf2 
Bxd3 29.Bxd3 Ra2+ 30.Re2 Ra3 31.Bc4 a6 32.Rd2 b5 
33.Bd5 b4 34.Bc4 a5 35.Rd7 a4 36.Ra7 Ra2+ 37.Kg3 
Rc2 38.Rxa4 1-0

[Event "HCL-A2636"]
[Site "www.playchess.de"]
[Date "2006.03.15"]
[Round "7"]
[White "nico21"]
[Black "Sarek7"]
[WhiteElo "1526"]
[BlackElo "1156"]
[PlyCount "37"]
[Result "1-0"]

1.e4 e6 2.d4 d5 3.Nc3 Bb4 4.Bd3 dxe4 5.Bxe4 c5 
6.Nge2 cxd4 7.Qxd4 Qxd4 8.Nxd4 Bxc3+ 9.bxc3 Nf6 
10.Bf3 Nd5 11.c4 Nf6 12.Ba3 Nbd7 13.Nb5 Kd8 14.Nd6 
Rb8 15.Nxf7+ Ke8 16.Nxh8 Nf8 17.Rd1 Bd7 18.O-O Rc8 
19.c5 1-0

[Event "HCL-B3881"]
[Site "www.playchess.de"]
[Date "2006.03.15"]
[Round "17"]
[White "pytolo98"]
[Black "WStanEvans"]
[WhiteElo "1173"]
[BlackElo "1386"]
[PlyCount "76"]
[Result "1/2-1/2"]

1.e4 e5 2.Nf3 Nc6 3.Bb5 Bc5 4.Bxc6 dxc6 5.d3 Bg4 
6.h3 Bh5 7.g4 Bg6 8.Nxe5 Bxf2+ 9.Kxf2 Qd4+ 10.Be3 
Qxe5 11.Nc3 Ne7 12.Ke2 h5 13.Kd2 Qe6 14.Qf3 O-O-O 
15.Bxa7 b6 16.a4 Kb7 17.Bxb6 cxb6 18.a5 hxg4 
19.hxg4 Rxh1 20.a6+ Ka7 21.Rxh1 Kxa6 22.Ra1+ Kb7 
23.Qf2 Qxg4 24.Na4 c5 25.b4 Qg5+ 26.Ke1 Rc8 
27.bxc5 bxc5 28.Rb1+ Ka8 29.Nb6+ Ka7 30.Nxc8+ Nxc8 
31.Ra1+ Kb6 32.Qh2 Qe3+ 33.Kf1 Qf3+ 34.Kg1 Qe3+ 
35.Kh1 Qf3+ 36.Kg1 Qe3+ 37.Kh1 Qf3+ 38.Kg1 
Qe3+ 1/2-1/2

[Event "HCL-M884"]
[Site "www.playchess.de"]
[Date "2006.03.15"]
[Round "9"]
[White "ipakris"]
[Black "papuan"]
[WhiteElo "2267"]
[BlackElo "2332"]
[PlyCount "85"]
[Result "1/2-1/2"]

1.e4 c5 2.Nf3 d6 3.d4 cxd4 4.Nxd4 Nf6 5.Nc3 a6 
6.Bc4 e6 7.Bb3 b5 8.O-O Be7 9.Qf3 Qb6 10.Be3 Qb7 
11.Qg3 b4 12.Na4 Nbd7 13.f3 O-O 14.Rfd1 Ne5 15.c4 
bxc3 16.Nxc3 Bd7 17.f4 Ng6 18.f5 exf5 19.Nxf5 Nxe4 
20.Nxe7+ Nxe7 21.Nxe4 Qxe4 22.Rd4 Qg6 23.Qxg6 Nxg6 
24.Rxd6 Bg4 25.Rf1 Rae8 26.Re1 Be6 27.Rxa6 Bxb3 
28.axb3 f6 29.b4 Re5 30.Kf2 Rb8 31.Bc5 Rf5+ 32.Kg1 
Rd5 33.Rea1 Ne5 34.R6a7 Rbd8 35.h3 Nd3 36.Rc7 R8d7 
37.Ra8+ Kf7 38.Raa7 Ke6 39.b3 Rxc7 40.Rxc7 Rd7 
41.Rxd7 Kxd7 42.Bf8 g6 43.Kf1 {(offering draw)} 
 1/2-1/2

[Event "HCL-C4114"]
[Site "www.playchess.de"]
[Date "2006.03.15"]
[Round "1"]
[White "thetruth1985"]
[Black "syrus"]
[WhiteElo "584"]
[BlackElo "893"]
[PlyCount "39"]
[Result "1-0"]

1.e4 e5 2.Nf3 Nf6 3.d4 Nxe4 4.Bd3 d5 5.Nxe5 Bd6 
6.Qf3 f6 7.Qh5+ g6 8.Nxg6 Rg8 9.Ne5+ Rg6 10.Nxg6 
hxg6 11.Qxg6+ Kf8 12.Bh6+ Ke7 13.Bxe4 Nd7 14.Bxd5 
Qe8 15.Qxe8+ Kxe8 16.O-O Nb6 17.Re1+ Kd8 18.Bf3 
Nc4 19.Nc3 Nd2 20.Bxd2 1-0

[Event "HCL-A2624"]
[Site "www.playchess.de"]
[Date "2006.03.15"]
[Round "2"]
[White "archship"]
[Black "tuGGy"]
[WhiteElo "1319"]
[BlackElo "1548"]
[PlyCount "34"]
[Result "1-0"]

1.e4 d5 2.exd5 Nf6 3.Nc3 Nxd5 4.Bc4 Nb6 5.Bb3 Nc6 
6.a3 Bf5 7.d3 e6 8.Nf3 Be7 9.O-O Bg6 10.Be3 O-O 
11.Ne4 Nd5 12.Bg5 Bxe4 13.Bxe7 Bxf3 14.Qxf3 Ndxe7 
15.c3 Ne5 16.Qe2 Qd6 17.Rad1 Rad8 1-0

[Event "HCL-M863"]
[Site "www.playchess.de"]
[Date "2006.03.15"]
[Round "14"]
[White "Duke01"]
[Black "ETC_Chess"]
[WhiteElo "1680"]
[BlackElo "2164"]
[PlyCount "46"]
[Result "0-1"]

1.e4 e6 {Happy New Year!}  2.d4 d5 3.Nc3 Nf6 4.Bg5 
Be7 5.e5 Nfd7 6.Bxe7 Qxe7 7.a3 O-O 8.Nf3 c5 9.Nb5 
Nc6 10.c3 a6 11.Nd6 cxd4 12.cxd4 f6 13.Nxc8 Raxc8 
14.exf6 Rxf6 15.Be2 Rf4 16.O-O Qf6 17.Rc1 Rf8 
18.Qb3 Nxd4 19.Nxd4 Qxd4 20.Qxb7 R4xf2 21.Kh1 Nc5 
22.Qb6 Qe3 23.Bf3 R8xf3 0-1

[Event "HCL-B3880"]
[Site "www.playchess.de"]
[Date "2006.03.15"]
[Round "9"]
[White "kuda_hitam"]
[Black "AlekSmart"]
[WhiteElo "1500"]
[BlackElo "1500"]
[PlyCount "107"]
[Result "1-0"]

1.e4 e5 2.Nf3 Nc6 3.Bb5 Nf6 4.O-O Nxe4 5.Re1 d5 
6.d3 Nd6 7.Nxe5 Be7 8.Nxc6 bxc6 9.Bxc6+ Bd7 
10.Bxa8 Qxa8 11.Qe2 Be6 12.d4 O-O 13.Nc3 Bf6 
14.Be3 c6 15.Rad1 Qc8 16.Bf4 Nf5 17.Be5 Qd8 18.Qa6 
Bxe5 19.dxe5 Nh4 20.Re3 Qg5 21.Rg3 Qh5 22.Qxc6 Rc8 
23.Rxd5 g6 24.Qb7 Qh6 25.Rd1 Qf4 26.Rgd3 Qxe5 
27.R3d8+ Rxd8 28.Rxd8+ Kg7 29.Qe4 Qg5 30.Qd4+ Kh6 
31.Qd2 Qxd2 32.Rxd2 a6 33.Rd6 Bf5 34.Rxa6 Bxc2 
35.b4 Nf5 36.a4 Nd4 37.Rd6 Nf5 38.Rd2 Bb3 39.b5 
Be6 40.a5 Ne7 41.a6 Nc8 42.Na4 Bc4 43.Rb2 Na7 
44.b6 Nc6 45.a7 Nxa7 46.bxa7 Bd5 47.Nc5 f5 48.Nb7 
f4 49.a8Q g5 50.Rb6+ Kh5 51.Qe8+ Kg4 52.f3+ Kf5 
53.Qf8+ Ke5 54.Qf6+ 1-0

[Event "HCL-A2611"]
[Site "www.playchess.de"]
[Date "2006.03.15"]
[Round "4"]
[White "bossjos"]
[Black "Matu"]
[WhiteElo "1264"]
[BlackElo "1531"]
[PlyCount "46"]
[Result "0-1"]

1.e4 c6 2.d4 d5 3.exd5 cxd5 4.Bd3 Nf6 5.Ne2 Nc6 
6.Bg5 e6 7.Nbc3 Be7 8.O-O O-O 9.Qd2 a6 10.f4 Nb4 
11.Rf3 Nxd3 12.Qxd3 Re8 13.Bxf6 Bxf6 14.Rh3 g6 
15.Re1 Bd7 16.Rg3 Qb6 17.b3 Rac8 18.Kh1 Bh4 19.f5 
Bxg3 20.Qxg3 Qc7 21.fxg6 hxg6 22.h4 Qxg3 23.Nxg3 
Rxc3 0-1

[Event "HCL-B3774"]
[Site "www.playchess.de"]
[Date "2006.03.15"]
[Round "5"]
[White "Wilmy"]
[Black "JMD"]
[WhiteElo "1217"]
[BlackElo "1377"]
[PlyCount "66"]
[Result "0-1"]

1.e4 e5 {hello from Paris}  2.f4 {Paris? - oh 
làlà! --- Hello from Berlin, Germany's most French 
cité!
Wilmy}  exf4 3.d4 Qh4+ 4.g3 fxg3 5.Nf3 Qxe4+ 6.Qe2 
Qxe2+ 7.Kxe2 Bd6 8.hxg3 Bxg3 9.Bh3 Ne7 10.Bd2 O-O 
11.Nc3 Na6 12.Ne4 Bd6 13.Rag1 f5 14.Ng3 b6 15.Nh5 
Ng6 16.Rg5 f4 17.Bf5 Be7 18.Bxg6 Bxg5 19.Nxg5 hxg6 
20.Nxf4 Bb7 21.Rh3 Rae8+ 22.Kd1 Rf5 23.Nxg6 Rf1+ 
24.Be1 Rexe1+ 25.Kd2 Red1+ 26.Kc3 Rfh1 27.Re3 Rde1 
28.Rf3 {(offering draw)}  Bxf3 29.Ne5 Re3+ 30.Nd3 
Rh5 31.Nxf3 Rxf3 32.Kc4 d6 33.b4 
c6 0-1

[Event "HCL-B3890"]
[Site "www.playchess.de"]
[Date "2006.03.15"]
[Round "1"]
[White "mothball"]
[Black "Sporang"]
[WhiteElo "1276"]
[BlackElo "1006"]
[PlyCount "65"]
[Result "1-0"]

1.Nf3 Nc6 2.g3 e5 3.d3 f5 4.Nbd2 d5 5.Bg2 e4 
6.dxe4 fxe4 7.Nh4 Be7 8.Nxe4 dxe4 9.Qxd8+ Nxd8 
10.Bxe4 Ne6 11.O-O Bxh4 12.gxh4 Nf6 13.Bf5 Bd7 
14.f3 O-O 15.e4 Nd4 16.Bxd7 Nxd7 17.f4 Ne2+ 18.Kg2 
Nxc1 19.Raxc1 Nc5 20.e5 Ne6 21.Kg3 Nd4 22.Rf2 Ne6 
23.f5 Nc5 24.Re1 a5 25.e6 Rae8 26.Kg4 g6 27.e7 Rf7 
28.f6 Nd7 29.Kg5 b5 30.Rd1 Nc5 31.Re2 Nb7 32.Rd7 
Nc5 33.Rd8 1-0

[Event "HCL-B3937"]
[Site "www.playchess.de"]
[Date "2006.03.15"]
[Round "1"]
[White "payaso"]
[Black "a137"]
[WhiteElo "940"]
[BlackElo "731"]
[PlyCount "29"]
[Result "1-0"]

1.e4 e5 {Hello, good game}  2.Nf3 {hi}  Nc6 3.Bb5 
a6 4.Bxc6 dxc6 5.Nc3 Bc5 6.Nxe5 Qd4 7.Nd3 Ba7 
8.O-O Ne7 9.Qf3 O-O 10.b3 Ng6 11.Qg3 Bb6 12.Bb2 
Be6 13.Nd5 Qxe4 14.Ne7+ Nxe7 15.Qxg7+ 1-0

[Event "HCL-C4153"]
[Site "www.playchess.de"]
[Date "2006.03.15"]
[Round "2"]
[White "nicola"]
[Black "chimiel"]
[WhiteElo "1111"]
[BlackElo "1356"]
[PlyCount "104"]
[Result "1-0"]

1.e3 {hi}  d6 {Welcome!}  2.b3 Nf6 3.Bb2 Nbd7 
4.Nf3 e5 5.Be2 Nc5 6.O-O Be7 7.Nc3 O-O 8.a3 e4 
9.Nd4 d5 10.b4 Ne6 11.Nxe6 Bxe6 12.d3 c5 13.bxc5 
Bxc5 14.dxe4 Nxe4 15.Nxe4 dxe4 16.a4 Qb6 17.Qc1 
Rac8 18.c3 Rfd8 19.a5 Qd6 20.Rd1 Qe5 21.Qc2 Bd6 
22.g3 h6 23.Rd4 Bd5 24.a6 b6 25.Rad1 Bc5 26.R4d2 
Qe6 27.c4 Bb4 28.R2xd5 Rxd5 29.cxd5 Rxc2 30.dxe6 
Rxb2 31.exf7+ Kxf7 32.Bc4+ Kg6 33.Kf1 Rc2 34.Bd5 
Rd2 35.Rxd2 Bxd2 36.Bxe4+ Kg5 37.h3 b5 38.Bc2 b4 
39.Ke2 Bc3 40.Kd3 Bf6 41.Kc4 Be7 42.Kd5 Kf6 43.e4 
g5 44.e5+ Kf7 45.Bb3 Kf8 46.f4 gxf4 47.gxf4 Ke8 
48.f5 Kf7 49.Kc6+ Kg7 50.f6+ Bxf6 51.exf6+ Kxf6 
52.Kb7 Kg5 1-0

[Event "HCL-A2584"]
[Site "www.playchess.de"]
[Date "2006.03.15"]
[Round "5"]
[White "badplayer"]
[Black "Grand73Am"]
[WhiteElo "1581"]
[BlackElo "1436"]
[PlyCount "78"]
[Result "1/2-1/2"]

1.e4 {hullo from India}  c5 2.Nf3 Nc6 3.d4 cxd4 
4.Nxd4 Nf6 5.Nc3 d6 6.Bc4 e6 7.O-O Be7 8.Be3 d5 
9.exd5 exd5 10.Bb5 Bd7 11.a3 O-O 12.h3 a6 13.Bd3 
Ne5 14.Bg5 Nxd3 15.Qxd3 Bc8 16.Rad1 Nh5 17.Be3 Bg5 
18.Bxg5 Qxg5 19.Nf3 Qf6 20.Nxd5 Qxb2 21.Ng5 g6 
22.Ne7+ Kh8 23.Rdb1 Qf6 24.Nxc8 Qxg5 25.Nb6 Nf4 
26.Qf3 Rad8 27.Rb4 Nd5 28.Nxd5 Qxd5 29.Qxd5 Rxd5 
30.Rxb7 Kg7 31.Ra7 Ra5 32.Ra1 Rc8 33.Ra2 Rc4 
34.Kf1 Rca4 35.Rb2 R4xa3 36.Ke2 Re5+ 37.Kd2 Rd5+ 
38.Ke2 Re5+ 39.Kd2 Rd5+ {(offering draw)} 
 1/2-1/2

[Event "HCL-M847"]
[Site "www.playchess.de"]
[Date "2006.03.15"]
[Round "15"]
[White "Kimura"]
[Black "NOHAU"]
[WhiteElo "1860"]
[BlackElo "2179"]
[PlyCount "21"]
[Result "1-0"]

1.e4 {Hello again!}  e5 2.Nf3 Nc6 3.d4 exd4 4.Nxd4 
Bc5 5.Nxc6 Qf6 6.Qd2 dxc6 7.Nc3 Be6 8.Bd3 O-O-O 
9.O-O Ne7 10.Na4 Bd6 11.Qa5 1-0

[Event "HCL-B3903"]
[Site "www.playchess.de"]
[Date "2006.03.15"]
[Round "5"]
[White "nichju"]
[Black "Saladin"]
[WhiteElo "1048"]
[BlackElo "1371"]
[PlyCount "72"]
[Result "0-1"]

1.e4 {Greetings from Germany}  e6 {Thanks, good 
game...}  2.d4 d5 3.exd5 Qxd5 4.Nc3 Bb4 5.Bd2 Qxd4 
6.Nf3 Qd7 7.Bb5 Nc6 8.Ne5 Qd8 9.Bxc6+ bxc6 10.Nxc6 
Qd6 11.Nxb4 Qxb4 12.Nd5 Qe4+ 13.Ne3 Nh6 14.O-O Ba6 
15.Re1 Rd8 16.f3 Qc6 17.c3 Qd6 18.Qa4+ Rd7 19.Rad1 
Qb6 20.b4 Bb5 21.Qc2 Qa6 22.c4 Ba4 23.Qe4 Bxd1 
24.Nd5 Ba4 25.Qe5 O-O 26.Bxh6 f6 27.Nxf6+ Rxf6 
28.Bg5 Rf5 29.Qe3 Qxc4 30.Qxe6+ Qxe6 31.Rxe6 Rxg5 
32.Ra6 Rd1+ 33.Kf2 Rd2+ 34.Ke1 Rxa2 35.Rxa7 Re5+ 
36.Kf1 Bb5+ 0-1

[Event "HCL-T257"]
[Site "www.playchess.de"]
[Date "2006.03.15"]
[Round "2"]
[White "reddog"]
[Black "lostpawn2000"]
[WhiteElo "1819"]
[BlackElo "1181"]
[PlyCount "65"]
[Result "1-0"]

1.d4 d5 2.c4 e5 3.Nc3 {Hi lostpawn2000, have good 
game and a great 2006}  dxc4 4.e3 Bb4 {likewise}  
5.Nf3 exd4 6.Qxd4 Qxd4 7.Nxd4 Nf6 8.Bxc4 O-O 9.O-O 
Bd7 10.a3 Bxc3 11.bxc3 a6 12.Be2 Nc6 13.Nxc6 Bxc6 
14.f3 b5 15.e4 Nd7 16.Bf4 Rac8 17.c4 Nc5 18.Rab1 
Ne6 19.Be5 f6 20.Bg3 Nd4 21.Bd3 Ne6 22.cxb5 Bxb5 
23.Bxb5 axb5 24.Rxb5 c5 25.Rc1 c4 26.Kf1 Nd4 
27.Rb4 Rfd8 28.Rbxc4 Rcb8 29.Bxb8 Rxb8 30.Rxd4 Rb2 
31.Rd7 h6 32.Rcc7 Ra2 33.Rdxg7+ 1-0

[Event "HCL-C4215"]
[Site "www.playchess.de"]
[Date "2006.03.15"]
[Round "2"]
[White "Skipper_Robert"]
[Black "simple"]
[WhiteElo "958"]
[BlackElo "767"]
[PlyCount "125"]
[Result "1/2-1/2"]

1.e4 e5 {Hello chessplayer friend.}  2.Nf3 {Hello, 
and have a good game!}  Nc6 3.Nc3 d6 4.Bc4 Be6 
5.Bxe6 fxe6 6.d3 Nf6 7.Be3 Be7 8.O-O d5 9.Bd2 d4 
10.Ne2 Qd7 11.c3 O-O-O 12.a3 Qd6 13.b4 b5 14.a4 
dxc3 15.axb5 Nxb4 16.Nxc3 Qxd3 17.Rxa7 Nxe4 18.b6 
Bd6 19.Qa4 Nxd2 20.Ra8+ Kb7 21.Ra7+ Kc8 22.b7+ Kb8 
23.Ra8+ Kxb7 24.Qa7+ Kc6 25.Qa4+ Kc5 26.Ne4+ Kc4 
27.Rc1+ Kd5 28.Ra5+ Kxe4 29.Nxd2+ Qxd2 30.Rd1 Qe2 
31.Qa1 Nd3 32.Ra4+ Kf5 33.g4+ Kg6 34.Rf1 Bc5 
35.Qd1 Bxf2+ 36.Kh1 Qxd1 37.Rxd1 Nb2 38.Rf1 Rhf8 
39.Kg2 Rd2 40.Re4 Bh4+ 41.Kg1 Bf2+ 42.Kh1 Bg3 
43.Rxf8 Rxh2+ {Opps!}  44.Kg1 Nd3 45.Re3 Nf4 
46.Rxg3 Ne2+ 47.Kxh2 Nxg3 48.Kxg3 Kg5 49.Rf7 Kg6 
50.Rxc7 e4 51.Rc3 Kg5 52.Re3 Kf6 53.Rxe4 e5 54.Re1 
g6 55.Kf3 h5 56.Rf1 hxg4+ 57.Kxg4+ Ke6 58.Kg5 e4 
59.Kxg6 Kd5 60.Kf5 Kd4 61.Kf4 Kd3 62.Rf3+ exf3 
63.Kxf3 {(offering draw) Looks good! :-)} 
 1/2-1/2

[Event "HCL-A2594"]
[Site "www.playchess.de"]
[Date "2006.03.15"]
[Round "4"]
[White "Maillard"]
[Black "Kannsnich"]
[WhiteElo "1534"]
[BlackElo "1330"]
[PlyCount "49"]
[Result "1-0"]

1.d4 {Bonne partie!}  Nf6 {hi greetings from 
munich}  2.Nc3 g6 3.e4 d6 4.Be2 Bg7 5.Nf3 O-O 
6.Bf4 Nh5 7.Qd2 Nxf4 8.Qxf4 Nd7 9.O-O-O e5 10.dxe5 
Nxe5 11.h3 Bd7 12.g4 Nxf3 13.Qxf3 Bc6 14.Qd3 Qg5+ 
15.Kb1 Qa5 16.f3 Bxc3 17.Qxc3 Qxc3 18.bxc3 Rad8 
19.c4 Rfe8 20.Bd3 Kf8 21.h4 Re5 22.Rhe1 
{Kannsauchnich...}  Rde8 23.g5 Kg7 24.Rd2 f6 
25.gxf6+ 1-0

[Event "HCL-A2576"]
[Site "www.playchess.de"]
[Date "2006.03.15"]
[Round "6"]
[White "Spotsychess"]
[Black "Kannsnich"]
[WhiteElo "1448"]
[BlackElo "1319"]
[PlyCount "55"]
[Result "1-0"]

1.e4 c6 {hi}  2.Nc3 {Hello}  d5 {hi}  3.exd5 cxd5 
4.d4 Nc6 5.Nf3 Bg4 6.Bb5 a6 7.Ba4 e6 8.h3 Bxf3 
9.Bxc6+ bxc6 10.Qxf3 Nf6 11.Bg5 Be7 12.O-O O-O 
13.b3 Nd7 14.Bxe7 Qxe7 15.Ne2 c5 16.c3 cxd4 
17.Nxd4 Rac8 18.Rfc1 Rc7 19.Rc2 Rfc8 20.Rac1 Ne5 
21.Qe3 Nc6 22.Nxc6 R7xc6 23.Qd3 g6 24.c4 Qc7 25.c5 
Rxc5 26.R2xc5 Qxc5 27.Rxc5 Rxc5 
28.Qxa6 1-0

[Event "HCL-C4211"]
[Site "www.playchess.de"]
[Date "2006.03.15"]
[Round "8"]
[White "Grunert"]
[Black "Skipper_Robert"]
[WhiteElo "977"]
[BlackElo "924"]
[PlyCount "20"]
[Result "0-1"]

1.d4 d5 2.Bf4 Nc6 3.e3 Nf6 4.Nc3 a6 5.g3 Bf5 6.Bg2 
e6 7.Bg5 Nb4 8.e4 Bg6 9.e5 Bxc2 10.Qc1 
Nd3+ 0-1

[Event "HCL-B3919"]
[Site "www.playchess.de"]
[Date "2006.03.15"]
[Round "6"]
[White "Nutjob"]
[Black "pegasus"]
[WhiteElo "1617"]
[BlackElo "1107"]
[PlyCount "73"]
[Result "1-0"]

1.e4 {Greetings, I wish you a good game!}  e5 
{thank you}  2.Nf3 d6 3.Bc4 Nf6 4.d4 exd4 5.O-O 
Bg4 6.Qxd4 h5 7.Ng5 Nc6 8.Bxf7+ Ke7 9.Qc4 Ne5 
10.Qb3 a5 11.Nc3 b5 12.Nd5+ Kd7 13.Qxb5+ Nc6 14.e5 
Rb8 15.e6+ Kc8 16.Qxc6 Nxd5 17.Qxd5 Be7 18.f3 Bxg5 
19.fxg4 Be7 20.Bxh5 Rb6 21.Qxa5 d5 22.Bf7 Qd6 
23.Bf4 Qc6 24.Rf3 Bb4 25.Qa7 Ra6 26.Qf2 Bc5 27.Be3 
d4 28.Bxd4 Bxd4 29.Qxd4 Qxc2 30.Rc3 Qh7 31.Qd7+ 
Kb8 32.Qxc7+ Ka8 33.e7 Qe4 34.Rd1 Qb7 35.Rd8+ Ka7 
36.Qxb7+ Kxb7 37.Rxh8 1-0

[Event "HCL-E1550"]
[Site "www.playchess.de"]
[Date "2006.03.15"]
[Round "6"]
[White "asskicker"]
[Black "pruliere"]
[WhiteElo "1633"]
[BlackElo "1840"]
[PlyCount "66"]
[Result "0-1"]

1.c4 {greetings from Washington, DC. Good luck!}  
e5 {Good luck...Hello from Nice}  2.Nc3 Nf6 3.g3 
c6 4.Bg2 d5 5.cxd5 cxd5 6.d3 Bb4 7.a3 Ba5 8.b4 Bb6 
9.Nf3 h6 10.Nxe5 Bd4 11.Qa4+ Bd7 12.Qb3 Bxe5 
13.O-O O-O 14.Rb1 Nc6 15.Nxd5 Be6 16.e4 Nd4 
17.Nxf6+ Bxf6 18.Qd1 Nb5 19.Bb2 Bxb2 20.Rxb2 Nxa3 
21.d4 Rc8 22.d5 Bd7 23.Qb3 Nb5 24.e5 Qb6 25.Re1 
Rfe8 26.Rd2 Kh8 27.Qa4 a6 28.Qb3 Rc3 29.Qb2 Rec8 
30.d6 Nd4 31.Bxb7 Qxb7 32.Rxd4 Bh3 33.f3 
R3c2 0-1